| 000 | 00376nam a2200145Ia 4500 | ||
|---|---|---|---|
| 008 | 230917s9999||||xx |||||||||||||| ||und|| | ||
| 040 |
_e217445 _aMAIN |
||
| 041 | _aEnglish | ||
| 082 | _a954.03 A53E | ||
| 100 | _aAllana, G | ||
| 245 | 0 | _aEminent Muslim freedom fighters 1562-1957 | |
| 260 |
_aNew Delhi _bLow Price Publications _c1993 |
||
| 300 | _avii, 347 p. | ||
| 942 | _cBK | ||
| 999 |
_c77730 _d77730 |
||